LEADER 01061nam a2200265 i 4500 001 991003269699707536 008 080128s2005 it af b 000 0 ita d 020 $a888937327X 035 $ab13658268-39ule_inst 040 $aDip.to Studi Giuridici$bita 082 0 $a297.07 100 1 $aBettinelli, Elena$0627623 245 12$aL'Islam on line :$bla rappresentazione di credo e identitáa attraverso il Web /$cElena Bettinelli 260 $aNapoli :$bEditoriale scientifica,$cc2005 300 $axvii, 262 p., 8 p. of plates :$bcol. ill. ;$c21 cm 440 0$aScienze della comunicazione ;$v16 504 $aInclude riferimenti bibliografici (p. [255]-262) 650 4$aInternet$xAspetti religiosi$xIslam 650 4$aInternet$xAspetti sociali 907 $a.b13658268$b02-04-14$c28-01-08 912 $a991003269699707536 945 $aLE027 297.07 BET01.01$g1$i2027000173228$lle027$o-$pE17.50$q-$rl$s- $t0$u3$v2$w3$x0$y.i14690202$z10-03-08 996 $aIslam on line$91213879 997 $aUNISALENTO 998 $ale027$b28-01-08$cm$da $e-$fita$git $h2$i0